000 01090nam a2200241Ia 4500
003 Ost
005 20260507075001.0
008 260507s9999||||xx |||||||||||||| ||und||
020 _a9789957181
040 _cfsecg
041 _aara
082 _a658.15
100 _aالعامري، محمد علي
_eمؤلف
245 0 _aالإدارة المالية /
_c محمد علي العامري
260 _aعمان:
_bدار المناهج للنشر,
_c2007
300 _a467 صفحة؛
_bإيضاحات ؛
_c24 سم
520 _aيضم هذا الكتاب الإدارة المالية، المالية و التدفق النقدي و الضرائب، الأسواق المالية والتحليل المالي ،إدارة رأس المال،إدارة النقدية و الأوراق المالية ، إدارة الحاسبات المدنية، إدارة المخزون، إدارة التمويل.
653 _aالإدارة المالية
653 _aالمالية العامة
653 _aالميزانيات
653 _aالنقود
942 _cكتاب
999 _c42074
_d42074